| 000 | 01245cam a2200277 4500 | ||
|---|---|---|---|
| 008 | 031112n2003 000 0 eng u | ||
| 020 | _a0421757604 | ||
| 035 | _a(Sirsi) u150643 | ||
| 041 | _aeng | ||
| 050 |
_a347.4109 _c18 |
||
| 100 | _aTackaberry, John | ||
| 245 |
_aBernstein's handbook of arbitration and dispute resolution practice _bvol 2 |
||
| 250 | _a4th ed. | ||
| 260 |
_aLondon _bSweet & Maxwell _c2003 |
||
| 260 |
_aLondon _bChartered Institute of Arbitrators _c2003 |
||
| 300 |
_alxxxviii, 1194p. _c26cm. |
||
| 505 | _aAppendix 1: Statutory materials and rules of court -- Appendix 2: International conventions and related materials -- Appendix 3: Institutional Rules -- Appendix 4: Precedents and drafting suggestions -- Appendix 5: Miscellaneous | ||
| 650 | _aMANAGEMENT-DISPUTE AVOIDANCE, MANAGEMENT AND RESOLUTION-DISPUTE MANAGEMENT AND RESOLUTION-ARBITRATION | ||
| 650 | _aMANAGEMENT-DISPUTE AVOIDANCE, MANAGEMENT AND RESOLUTION-DISPUTE MANAGEMENT AND RESOLUTION-ALTERNATIVE DISPUTE RESOLUTION-ADJUDICATION | ||
| 650 | _aALTERNATIVE DISPUTE RESOLUTION | ||
| 650 | _aINTERNATIONAL ARBITRATION | ||
| 651 | 4 | _aENGLAND AND WALES | |
| 690 |
_aDISPUTE RESOLUTION _96236 |
||
| 700 | _aMarriott, Arthur | ||
| 942 | _n0 | ||
| 999 |
_c110934 _d110934 |
||